Lessons from Japanese development : an analytical economic history

Đã lưu trong:
Sonraí Bibleagrafaíochta
Príomhúdar: Kelley, Allen C.
Formáid: Leabhar
Teanga:Undetermined
Foilsithe: Chicago University of Chicago Press 1974
Ábhair:
Clibeanna: Cuir Clib Leis
Gan Chlibeanna, Bí ar an gcéad duine leis an taifead seo a chlibeáil!
Thư viện lưu trữ: Trung tâm Học liệu Trường Đại học Cần Thơ
LEADER 00539nam a2200193Ia 4500
001 CTU_86364
008 210402s9999 xx 000 0 und d
082 |a 330.952 
082 |b K29 
100 |a Kelley, Allen C. 
245 0 |a Lessons from Japanese development : 
245 3 |b an analytical economic history 
245 0 |c Allen C. Kelley 
260 |a Chicago 
260 |b University of Chicago Press 
260 |c 1974 
650 |a Economic conditions 
904 |i Năm 
980 |a Trung tâm Học liệu Trường Đại học Cần Thơ